Exponential sums and differential equations

Saved in:
Bibliographic Details
Main Author: Katz, Nicholas M. 1943-
Format: Book
Language:English
Published: Princeton, N.J. : Princeton University Press, 1990
Series:Annals of mathematics studies ; ; 124
Subjects:
Tags: Add Tag
No Tags, Be the first to tag this record!

MARC

LEADER 00000cam a2200000 i 4500
001 1/41669
008 941103s1990 eng d
020 |a 0691085986  |c $65.00 
020 |a 0691085994  |c $22.50 
035 |l 10041568 
035 |a 1993 
040 |a GR-MY-UA  |b gre  |e aacr 
041 0 |a eng 
082 0 |a 512.73  |2 (20) 
100 1 |a Katz, Nicholas M.  |d 1943- 
245 1 0 |a Exponential sums and differential equations /  |c by Nicholas M. Katz 
260 |a Princeton, N.J. :   |b Princeton University Press,   |c 1990 
300 |a ix, 430 p.;  |b ill.;  |c 24 cm 
490 1 |a Annals of mathematics studies  |v ; 124 
504 |a Includes bibliographical references (p. 425-430) 
650 0 0 |a Exponential sums. 
650 0 0 |a Differential equations. 
830 0 |a Annals of mathematics studies ;  |v ; 124 
852 |a INST  |b SAMOS  |e 19941103  |h 512.73 KAT  |p 005300002809  |q 005300002809  |t BK  |y 0 
909 |a Σ  |b 029645